Europe since 1914 : (Record no. 24375)
[ view plain ]
| 000 -LEADER | |
|---|---|
| fixed length control field | 00808nam a22002532a 4500 |
| 001 - CONTROL NUMBER | |
| control field | 24375 |
| 003 - CONTROL NUMBER IDENTIFIER | |
| rucl marc code | UkOxU |
| 005 - DATE AND TIME OF LATEST TRANSACTION | |
| control field | 20211209001037.0 |
| 008 - FIXED-LENGTH DATA ELEMENTS--GENERAL INFORMATION | |
| fixed length control field | 140313s1962 nyu 001 0 eng d |
| 035 ## - SYSTEM CONTROL NUMBER | |
| System control number | BD-RjUL)24441 |
| 040 ## - CATALOGING SOURCE | |
| Original cataloging agency | CSU |
| Modifying agency | EQO |
| Language of cataloging | eng |
| Transcribing agency | BD-RjUL |
| 041 ## - LANGUAGE CODE | |
| Language code of text/sound track or separate title | eng |
| 082 04 - DEWEY DECIMAL CLASSIFICATION NUMBER | |
| Classification number | 940.5 |
| Author mark and year | BEE 1962 |
| 100 1# - MAIN ENTRY--PERSONAL NAME | |
| Personal name | Benns, Frank Lee, |
| Dates associated with a name | 1889- |
| 9 (RLIN) | 74897 |
| 245 10 - TITLE STATEMENT | |
| Title | Europe since 1914 : |
| Remainder of title | in its world setting / |
| Statement of responsibility, etc. | Frank Lee Benns, |
| 250 ## - EDITION STATEMENT | |
| Edition statement | 8th ed |
| 260 ## - PUBLICATION, DISTRIBUTION, ETC. (IMPRINT) | |
| Place of publication, distribution, etc. | New York : |
| Name of publisher, distributor, etc. | Appleton-Century-Crofts, |
| Date of publication, distribution, etc. | c1962 |
| 300 ## - PHYSICAL DESCRIPTION | |
| Pagination | xx, 770, 103 p. : |
| Illustrations | illus., ports., maps (1 fold. col.) ; |
| Size | 22 cm. |
| 504 ## - BIBLIOGRAPHY, ETC. NOTE | |
| Bibliography, etc | "Select bibliography": p. 3-58 (3d group) and Index |
| 651 #0 - SUBJECT ADDED ENTRY--GEOGRAPHIC NAME | |
| Geographic name | Europe |
| General subdivision | History |
| Chronological subdivision | 1914-1945 |
| 9 (RLIN) | 75046 |
| Geographic name | Europe |
| General subdivision | History |
| Chronological subdivision | 1945- |
| 9 (RLIN) | 37389 |
| 942 ## - ADDED ENTRY ELEMENTS (KOHA) | |
| Source of classification or shelving scheme | Dewey Decimal Classification |
| Koha item type | Books |
| Lost status | Source of classification or shelving scheme | Damaged status | Not for loan | Collection code | Permanent Location | Current Location | Shelving location | Date acquired | Source of acquisition | Cost, normal purchase price | Total Checkouts | Full call number | Date last seen | Copy number | Koha item type | Date checked out |
|---|---|---|---|---|---|---|---|---|---|---|---|---|---|---|---|---|
| Dewey Decimal Classification | Non-fiction | Central Library, University of Rajshahi | Central Library, University of Rajshahi | 02/06/1975 | Jonathan wren & co. | 54.50 | 940.5 BEE 1962 | 13/03/2014 | C-10 | Books | ||||||
| Dewey Decimal Classification | Non-fiction | Central Library, University of Rajshahi | Central Library, University of Rajshahi | 28/05/1975 | Gonathan | 1 | 940.5 BEE 1962 | 17/08/2017 | C-9 | Books | 09/05/2017 | |||||
| Dewey Decimal Classification | Non-fiction | Central Library, University of Rajshahi | Central Library, University of Rajshahi | 28/05/1975 | Jonathon & Co. | 0.00 | 940.5 BEE 1962 | 13/11/2016 | C-2 | Books | ||||||
| Dewey Decimal Classification | Not For Loan | Non-fiction | Central Library, University of Rajshahi | Central Library, University of Rajshahi | Reading Room | 28/05/1975 | Gonatha and Co. | 940.5 BEE 1962 | 28/02/2017 | C-1 | Books |